00353 a2200109 4500001000900000005001700009008004100026245005700067100002600124773007600150999001700226ART_973920260410161838.0260409a 10a¿Sabemos calcular los efectos de un plan de ventas?1 aHerrscher, Enrique G.0 tContabilidad y administracióng- Año 6, Nº 67 (ene. 1983)wREV5485 c23859d23859